000 00320nam a22001457a 4500
008 210226b ||||| |||| 00| 0 eng d
020 _a0443081638
041 _aeng
080 _a617
082 _a617
100 _a6
101 _aANE
245 _aManual of Obstetric Anesthesia
_cOstheimer, G.W
942 _2udc
_cBK
999 _c55253
_d55253